LEADER 01472nam0 22003251i 450 001 UON00379488 005 20231205104520.417 100 $a20100325d1963 |0itac50 ba 101 $aita 102 $aIT 105 $a|||| ||||| 200 1 $aˆL' ‰industria culturale$esaggio sulla cultura di massa$fEdgar Morin 210 $aBologna$cIl Mulino$dc1963 215 $a210 p.$d19 cm. 312 $aTitolo originale$9UON00379491 410 1$1001UON00065559$12001 $aUniversale Paperbacks Il Mulino$v3 500 0$3UON00379491$aL'esprit du temps$943134 606 $aCultura$xStoria$xSec. 20.$3UONC057223$2FI 606 $aCULTURA DI MASSA$3UONC059030$2FI 620 $aIT$dBologna$3UONL000085 676 $a301.3$cSociologia e antropologia$v21 700 1$aMorin$bEdgar$3UONV050674$038178 712 $aIl Mulino$3UONV245824$4650 801 $aIT$bSOL$c20250919$gRICA 912 $aUON00379488 950 $aSIBA - SISTEMA BIBLIOTECARIO DI ATENEO$dSI FS 03716 $eSI FP 1967 5 950 $aSIBA - SISTEMA BIBLIOTECARIO DI ATENEO$dSI B F 0070 $eSI SC 6428 5 0070 $sBuono 950 $aSIBA - SISTEMA BIBLIOTECARIO DI ATENEO$dSI ITA II 2576 $eSI MR 77323 7 2576 996 $aL'esprit du temps$943134 997 $aUNIOR